00470nam a2200181Ia 4500003000900000008004100009040001300050040001300063041000800076100002200084245011500106250001200221260001400233260000900247300000800256490000600264700001800270IT-RoPAU120407s9999 xx 000 0 und d aIT-RoPAU cIT-RoPAU aita aMario Caciagli  aPolitica in Italia. Edizione 1996. I Fatti dell’Anno e le Interpretazioni. Gli Avvenimenti politici del 1995 aBologna aIl Mulino c1996 c cm v1 aDavid Kertzer